000 00585nam a2200241Ia 4500
003 OSt
005 20221005122909.0
006 a|||||r|||| 00| 0
007 ta
008 221004b |||||||| |||| 00| 0 tam d
024 _a48372
037 _cTextual
040 _aCRL
_cCRL
_btam
041 _2tam
_atam
082 _aO31,1G25w, K3
245 0 _aKavichakravarthy Kambarvaralaru
260 _c1963
300 _a130p.
_ccm.
650 _a TAMIL POETRY
650 _aTAMIL LITERATURE
942 _hO31,1G25w, K3
_cTEXL
_2cc
999 _c1045742
_d1045742